[Event "Yogyakarta Istimewa op"]
[Site "Yogyakarta"]
[Date "2016.08.19"]
[Round "2"]
[White "Sihite, Chelsie Monica"]
[Black "Kinarsih, Alya Sekar"]
[Result "1-0"]
[WhiteElo "2192"]
[BlackElo "2144"]
[PlyCount "83"]
[EventDate "2016.08.18"]
[EventType "swiss"]
[EventRounds "9"]
[EventCountry "INA"]
[SourceTitle "EXT 2018"]
[Source "ChessBase"]
[SourceDate "2017.10.13"]
[SourceVersion "1"]
[SourceVersionDate "2017.10.13"]
[SourceQuality "1"]

1. e4 d5 2. exd5 Qxd5 3. Nc3 Qd8 4. Nf3 Nf6 5. d4 Bg4 6. h3 Bxf3 7. Qxf3 Nc6 8. Bb5 Qd6 9. d5 a6 10. dxc6 axb5 11. cxb7 Rb8 12. Nxb5 Qe5+ 13. Qe2 Qxe2+ 14. Kxe2 Rxb7 15. c4 e5 16. b3 c6 17. Nc3 Bb4 18. Bb2 0-0 19. Rhd1 Re8 20. Na4 Bf8 21. Rac1 Nd7 22. Rc2 Nb6 23. Nxb6 Rxb6 24. Bc3 f6 25. g4 Rb7 26. Kf3 Kf7 27. Rcd2 Ke6 28. Rd8 Rxd8 29. Rxd8 Bc5 30. Rc8 Kd7 31. Ra8 Ke7 32. Ra6 Kd6 33. Ra8 Ke7 34. Ra6 Kd6 35. Ke2 e4 36. Bd2 Ra7 37. Rxa7 Bxa7 38. Be3 c5 39. b4 Kc6 40. a4 Bb6 41. a5 Ba7 42. b5+ 1-0